00633nam a2200193Ia 4500003000900000008004100009040001600050080001500066245006800081250001200149260003900161300001000200650004100210650004300251700003200294942000700326999001500333952009100348IN-BaIIA211028s9999 xx 000 0 eng d cIIA Library a035:5bMUT 4aThe Advance science masters handbookccompiled by Ivan L. Muter a1st ed. aHainaultbAdvance Componentsc1960 a124p. aAstronomy and Astrophysics Thesaurus aHandbooks-Electronic Engineering93215 aMuter, Ivan L., comp.98146 cBK c4612d4612 00104070aBANbBANcGENd0000-00-00l0o035:5/ MUTp5145r2021-11-05w0000-00-00yBK